| 000 | 00959nam a2200217 a 4500 | ||
|---|---|---|---|
| 005 | 20240806063855.0 | ||
| 008 | 991125s1963 mx 000 0 spa u | ||
| 020 | _a9685828083 | ||
| 035 | _aUPN01000042309 | ||
| 049 | _aCG | ||
| 050 | 4 |
_aPQ7297 F37 _bO2 |
|
| 100 | 1 |
_aFernández de Lizardi, José Joaquín, _d1776-1827 |
|
| 245 | 1 | 0 |
_aObras / _cJosé Joaquín Fernández de Lizardi. |
| 260 |
_aMéxico : _bUNAM, Centro de Estudios Literarios, _c1963. |
||
| 300 | _av- | ||
| 440 | 0 |
_aNueva biblioteca mexicana ; _v8, 12, 30, 40, 80, 86, 87 |
|
| 505 | 8 |
_aContenido: _gv.1 _tPoesías y fábulas -- _gv.2 _tTeatro -- _gv.3 _tPeriódicos -- _gv.4 _tPeriódicos : Alacena de frioleras. Cajoncitos de la alacena. Las sombras de Heráclito y Demócrito. El conductor eléctrico -- _gv.5 _tPeriódicos : El amigo |
|
| 600 | 1 | 4 |
_aFernández de Lizardi, José Joaquín, _d1776-1827 - _xCrítica e interpretación _917795 |
| 650 | 4 |
_aLiteratura mexicana _94466 |
|
| 905 | _aLibro | ||
| 999 |
_c42309 _d42309 |
||